banner koha

A laranja que o mundo quer (Registro n. 338913)

MARC details
000 -LÍDER
fixed length control field 00867nab a2200265 4500
003 - CÓDIGO MARC DA AGÊNCIA CATALOGADORA
Campo de controle BR-BrBNA
005 - DATA E HORA DA ÚLTIMA ATUALIZAÇÃO
Campo de controle 20251031213417.0
008 - CAMPO DE TAMANHO FIXO
fixed length control field 251031b bl.||||| |||| 00| 0 por d
040 ## - FONTE DA CATALOGAÇÃO
Agência catalogadora BR-BrBNA
Idioma da catalogação por
072 ## - CATEGORIA AGRIS
Código AGRIS F01 ; Q02 ; E70 ; E71 ; E73 ; P01
Código do objeto 1060 ; 9143
100 ## - ENTRADA PRINCIPAL - NOME PESSOAL
Nome pessoal Pontes, Alécia
245 ## - TÍTULO PRINCIPAL
Título principal A laranja que o mundo quer
Subtítulo Agrotecnologia
500 ## - NOTA GERAL
Nota geral 2 illus.
942 ## - ADDED ENTRY ELEMENTS (KOHA)
Koha item type Analítica
650 ## - ASSUNTO - THESAGRO
Cabeçalho tópico ou nome geográfico LARANJA
650 ## - ASSUNTO - THESAGRO
Cabeçalho tópico ou nome geográfico SUCO DE LARANJA
650 ## - ASSUNTO - THESAGRO
Cabeçalho tópico ou nome geográfico CERTIFICAÇÃO
650 ## - ASSUNTO - THESAGRO
Cabeçalho tópico ou nome geográfico SELO DE ORIGEM
650 ## - ASSUNTO - THESAGRO
Cabeçalho tópico ou nome geográfico CONSUMIDOR
650 ## - ASSUNTO - THESAGRO
Cabeçalho tópico ou nome geográfico AGREGAÇÃO DE VALOR
650 ## - ASSUNTO - THESAGRO
Cabeçalho tópico ou nome geográfico EXPORTAÇÃO
650 ## - ASSUNTO - THESAGRO
Cabeçalho tópico ou nome geográfico SUSTENTABILIDADE
773 0# - ENTRADA ANALÍTICA
Host Biblionumber 1706
Registro do item 347998
Imprenta São Paulo-SP Editora Três Ltda - E-mail: luizfsa@revistadinheiro.com.br 2004
Outro identificador 2025-0493
Título Dinheiro Rural (Brazil)
ISSN 1807-3700
Colação v. 8(89) p. 34-35; (Mar 2012)
Número de controle de registro BR2025004624

Nenhum exemplar disponível.

BINAGRI

Telefone: (61)3218-2567/2388/3357/2097 - binagri@agro.gov.br

Ministério da Agricultura e Pecuária , Esplanada dos Ministérios, Bloco D, Anexo B, Brasília/DF, CEP: 70.043-900